Are You Smart? For Languages! German Version P1 - Statistics

General Stats
  • This quiz has been taken 69 times
    52 since last reset
  • The average score is 11 of 15
Answer Stats
English Word German Word % Correct
I Ich
95%
Yes Ja
95%
Am Bin
93%
Hello Hallo
93%
No Nein
90%
Please Bitte
88%
Good Afternoon Guten tag
81%
No Promblem Kein Problem
71%
Sausage Wurst
69%
Thank you Dankeschon|Danke Schön
64%
How Are You Wie Gehts
64%
GoodBye Auf Wiedersehen
62%
Bye Tschuss
62%
Geography Geographie
45%
Your Welcome Bitteschon
26%
No matching quizzes found
Score Distribution
Percent of People with Each Score
Percentile by Number Answered
Your Score History
You have not taken this quiz since the last reset